| 000 | 00895cab a2200277 4500 | ||
|---|---|---|---|
| 001 | ABS45253 | ||
| 008 | 090401t1991 xxu||||| |||| 00| 0 eng d | ||
| 035 | _a(Sirsi) u51837 | ||
| 041 | _aeng | ||
| 100 | _aMusannif, B. | ||
| 245 | _aBuild green - and stay in the black | ||
| 260 | _c1991 | ||
| 350 | _a0 | ||
| 490 |
_aChartered Builder _v3(8) October 1991, 12-13(2) |
||
| 520 | _aSummarises the results of a new study from the Building Research Establishment which show that new housing can achieve higher insulation standards than those set down in the Building Regulations. | ||
| 650 | _aBRE | ||
| 650 | _aBUILDABILITY | ||
| 650 |
_aBUILDING REGULATIONS _96224 |
||
| 650 | _aENERGY EFFICIENCY | ||
| 650 | _aHOUSES | ||
| 650 | _aTHERMAL INSULATION | ||
| 690 | _aBUILDING AND CONSTRUCTION-ENERGY CONSERVATION | ||
| 690 |
_aENERGY _96237 |
||
| 942 | _n0 | ||
| 948 | _c04/03/1997 | ||
| 999 |
_c32163 _d32163 |
||